Current land use, Round Rock, Texas ; Future land use, Round Rock, Texas /

Bibliographic Details
Corporate Author: Round Rock (Tex.). Department of Planning and Community Development
Format: Map
Language:English
Published: Round Rock, Tex. : The Department, 1983.
Subjects:

MARC

Tag First Indicator Second Indicator Subfields
LEADER 00000cem a22000007a 4500
001 in00002781801
005 20150922114653.0
007 aj canzn
008 850108s1983 txu a l 0 eng
010 |a  84696202  
034 1 |a a  |b 24000 
035 |a (OCoLC)ocm12133625 
035 |a (OCoLC)12133625 
040 |a DLC  |c DLC  |d OCL  |d OCLCQ  |d TXA  |d UtOrBLW 
043 |a n-us-tx 
049 |a TXAM 
050 0 0 |a G4034.R86G4 1983  |b .R6 
052 |a 4034  |b R86 
110 1 |a Round Rock (Tex.).  |b Department of Planning and Community Development. 
245 1 0 |a Current land use, Round Rock, Texas ; Future land use, Round Rock, Texas /  |c compilation by Round Rock Department of Planning and Community Development ; cartography by Gregg J. Miller ; produced in cooperation with the Round Rock Industrial Development Committee and Industrial Development Committee of the Round Rock Chamber of Commerce. 
255 |a Scale 1:24,000. 
264 1 |a Round Rock, Tex. :  |b The Department,  |c 1983. 
300 |a 2 maps on 1 sheet :  |b both sides, color ;  |c each 60 x 70 cm., sheet 64 x 97 cm., folded to 22 x 25 cm. 
336 |a cartographic image  |b cri  |2 rdacontent 
337 |a unmediated  |b n  |2 rdamedia 
338 |a sheet  |b nb  |2 rdacarrier 
500 |a "Base map composited from U.S.G.S. 7.5ʹ quadrangles: Round Rock ..." 
500 |a Includes population chart and location map. 
500 |a Cartographic material. 
650 0 |a Land use  |z Texas  |z Round Rock  |v Maps. 
650 0 |a Land use  |z Texas  |z Round Rock  |x Planning  |v Maps. 
740 0 |a Future land use, Round Rock, Texas. 
948 |a cataloged  |b h  |c 2012/9/11  |d c  |e jgreene  |f 2:52:14 pm 
994 |a C0  |b TXA 
999 |a MARS 
999 f f |s 4ccf2cec-ccb5-3d18-b994-62d4721b8ed2  |i 3f5dd6f2-43f0-3461-b5b2-540ee9ac7f9c  |t 0 
952 f f |p normal  |a Texas A&M University  |b College Station  |c Sterling C. Evans Library  |d Evans: Maps (2nd floor)  |t 0  |e G4034.R86G4 1983 .R6  |h Library of Congress classification  |i unmediated -- sheet  |m A14841107826 
998 f f |a G4034.R86G4 1983 .R6  |t 0  |l Evans: Maps (2nd floor)